000 00773cam a2200289 4500500
005 20260405003107.0
041 _afre
042 _adc
100 1 0 _aLacroix, Alexandre
_eauthor
245 0 0 _aJ’irai randonner près de chez vous
260 _c2020.
500 _a49
690 _aBanlieue
690 _aBeauté
690 _aFriche
690 _aGR
690 _aGR2013
690 _aGrand Paris
690 _aMarche
690 _aMicocoulier
690 _aProche
690 _aRandonnée
690 _aSentier du Grand Paris
690 _aVille
786 0 _nPhilosophie magazine | 141 | 8 | 2020-08-01 | p. 28-30 | 1951-1787
856 4 1 _uhttps://shs.cairn.info/magazine-philosophie-magazine-2020-8-page-28?lang=fr&redirect-ssocas=7080
999 _c2064325
_d2064325